Movies Quiz

Random Movies or City Quiz

San Francisco or Los Angeles Movies? Quiz Stats

 Plays Quiz Updated Aug 12, 2018

Score 0/20 Timer 05:00
3 Plays Today
Question Answer Wrong Answers
Boyz N the Hood Los Angeles
90.9%
San Francisco
5.7%
Straight Outta Compton Los Angeles
90.2%
San Francisco
6.6%
Pulp Fiction Los Angeles
87.2%
San Francisco
9.6%
Terminator 2: Judgment Day Los Angeles
83.6%
San Francisco
13.1%
The Rock San Francisco
83.3%
Los Angeles
13.4%
Mrs. Doubtfire San Francisco
83.3%
Los Angeles
13.5%
Reservoir Dogs Los Angeles
81%
San Francisco
15.7%
A Star is Born (1976) Los Angeles
76.4%
San Francisco
20.3%
Vertigo San Francisco
73.8%
Los Angeles
22.9%
Iron Man Los Angeles
73.6%
San Francisco
23.3%
Blade Runner Los Angeles
73.4%
San Francisco
23.4%
The Big Lebowski Los Angeles
72.8%
San Francisco
23.8%
Inside Out San Francisco
70.3%
Los Angeles
26.6%
Dirty Harry San Francisco
68.8%
Los Angeles
27.9%
Hancock Los Angeles
63.6%
San Francisco
33.2%
Big Trouble in Little China San Francisco
60.6%
Los Angeles
36.1%
The Maltese Falcon San Francisco
56.8%
Los Angeles
39.9%
The Room San Francisco
55.5%
Los Angeles
41.1%
Invasion of the Body Snatchers (1978) San Francisco
51.5%
Los Angeles
45.2%
Chinatown (1974) Los Angeles
49.4%
San Francisco
47.6%

You're not logged in!

Compare scores with friends on all Sporcle quizzes.
OR
Log In

Sporcle TV

Today on Sporcle TV


Watch our educational content, quiz creation guides, and fun videos on Sporcle TV.

Show Comments

Extras

Top Quizzes Today


Score Distribution

Your Account Isn't Verified!

In order to create a playlist on Sporcle, you need to verify the email address you used during registration. Go to your Sporcle Settings to finish the process.

Report this User

Report this user for behavior that violates our Community Guidelines.

Details: